| 000 | 00504nam a22001817a 4500 | ||
|---|---|---|---|
| 005 | 20251108165207.0 | ||
| 008 | 250721s1996 xx 000 0 ara d | ||
| 082 | 1 | 4 | _a910.4/موس |
| 100 | 1 | _aموسى، سليمان | |
| 245 | 1 | 0 | _aمشاهد و ذكريات / |
| 264 | 1 |
_aعمان : _bالمؤسسة الجامعيه الأردنيه، _c1996. |
|
| 300 | _a216ص. | ||
| 490 | 0 | _aمكتبة الرأي ؛12 | |
| 650 | 1 | 7 | _aالسفر |
| 650 | 1 | 7 | _aالأدب |
| 942 |
_2ddc _cBK |
||
| 999 |
_c21784 _d21784 |
||